000 00335nam a2200145Ia 4500
100 _aLorrain/Paul/ Corson/Dale R
250 _a2
942 _cBK
654 _aElectromagnetic
245 _aElectromagnetic fields and waves
260 _bCBS Publishers
_aDelhi
_c1986
082 _a530.141
_bLOR
300 _a706
546 _aENGLISH
999 _c24753
_d24753